| 000 | 01064caa a22002531ib4500 | ||
|---|---|---|---|
| 003 | SA-RiAUC | ||
| 005 | 20241229145758.0 | ||
| 008 | 241229s2004 le g 00000 ara c | ||
| 040 |
_aSA-JeALM _bara _cSA-RiAUC _erda |
||
| 082 | 0 | 4 | _a251.6 |
| 090 |
_a251.6 _b ج و ي |
||
| 100 | 1 |
_aالجويني، عبد الله بن يوسف بن محمد، _dتوفي 438 هجري _eمؤلف. |
|
| 245 | 1 | 2 |
_aالجمع والفرق / _cأبو محمد عبد الله بن يوسف الجويني ؛ تحقيق عبد الرحمن بن سلامة بن عبد الله المزيني. |
| 264 |
_aبيروت : _bدار الجيل. _c2004 |
||
| 300 |
_a3 مجلد ؛ _c24 سم |
||
| 336 |
_aنص _btxt _2rdacontent _3كتاب |
||
| 337 |
_aبدون وسيط _bn _2rdamedia |
||
| 338 |
_aمجلد _bnc _2rdacarrier |
||
| 650 | 7 |
_aالقواعد الفقهية _2aucsh |
|
| 650 | 7 |
_aأصول الفقه الإسلامي _2aucsh |
|
| 700 | 1 |
_aالمزيني، عبد الرحمن بن سلامة _eمحقق. |
|
| 942 |
_2ddc _cBOOK _n0 |
||
| 949 |
_aSA-JeALM _d241229 _uosman123 _n1 |
||
| 999 |
_c4065 _d4065 |
||